[Event "BCF-chT3Sa 1819 (4NCL)"]
[Site "England"]
[Date "2019.02.09"]
[Round "5.35"]
[White "Lambourne, Daniel M"]
[Black "Downham, Alan"]
[Result "0-1"]
[WhiteElo "1987"]
[BlackElo "1956"]
[PlyCount "80"]
[EventDate "2018.11.17"]
[EventType "team-tourn"]
[EventRounds "7"]
[EventCountry "ENG"]
[SourceTitle "EXT 2021"]
[Source "ChessBase"]
[SourceDate "2020.10.23"]
[SourceVersion "1"]
[SourceVersionDate "2020.10.23"]
[SourceQuality "1"]
[WhiteTeam "MK Phoenix"]
[BlackTeam "Iceni"]
[WhiteTeamCountry "ENG"]
[BlackTeamCountry "ENG"]

1. d4 d5 2. Nf3 c6 3. Bf4 Nf6 4. e3 Bg4 5. Be2 e6 6. Nbd2 Bd6 7. Ne5 Bxe2 8. Qxe2 Qc7 9. 0-0 Nbd7 10. Nd3 0-0 11. c3 e5 12. Bg3 Rae8 13. Qd1 exd4 14. Bxd6 Qxd6 15. cxd4 Ne4 16. Nxe4 Rxe4 17. Qf3 f5 18. g3 g5 19. Qg2 Kh8 20. Kh1 Qg6 21. Rae1 Rfe8 22. Rd1 R4e6 23. b4 a6 24. a4 Qh5 25. Nc5 Nxc5 26. bxc5 f4 27. exf4 gxf4 28. g4 Qg6 29. Qf3 Re4 30. Rg1 Qg7 31. Qc3 Qf6 32. g5 Qf5 33. Qf3 Re2 34. h4 Qe4 35. Kg2 Qf5 36. Rb1 R8e3 37. Qxe2 Rxe2 38. Rxb7 f3+ 39. Kg3 Re4 40. Rb8+ Kg7 0-1

[Event "BCF-chT4S 1718 (4NCL)"]
[Site "England"]
[Date "2018.02.11"]
[Round "6.101"]
[White "Cole, Graham"]
[Black "Lambourne, Daniel M"]
[Result "1/2-1/2"]
[WhiteElo "1824"]
[BlackElo "1980"]
[PlyCount "75"]
[EventDate "2017.11.11"]
[EventType "team-swiss"]
[EventRounds "11"]
[EventCountry "ENG"]
[SourceTitle "EXT 2020"]
[Source "ChessBase"]
[SourceDate "2019.10.17"]
[SourceVersion "1"]
[SourceVersionDate "2019.10.17"]
[SourceQuality "1"]
[WhiteTeam "Oxford IV"]
[BlackTeam "MK Phoenix II"]
[WhiteTeamCountry "ENG"]
[BlackTeamCountry "ENG"]

1. e4 g6 2. d4 Bg7 3. Nc3 d6 4. Be3 c6 5. Qd2 Nf6 6. Bh6 Bxh6 7. Qxh6 Qa5 8. Bd3 Na6 9. Nge2 Nb4 10. 0-0 Nxd3 11. cxd3 Qh5 12. Qxh5 Nxh5 13. d5 Bd7 14. dxc6 bxc6 15. d4 0-0 16. h3 Rab8 17. b3 Rfc8 18. Rfd1 Be8 19. Rac1 Kf8 20. e5 f5 21. f4 Ng7 22. g3 Kf7 23. Kf2 h6 24. h4 Bd7 25. Ng1 Ne8 26. Nf3 Nc7 27. Ke2 Be6 28. Rd2 Na6 29. Kf2 Nb4 30. Ne1 a5 31. Nd3 Nd5 32. Nxd5 Bxd5 33. Nb2 Rb4 34. Nc4 Bxc4 35. Rxc4 Rxc4 36. bxc4 d5 37. Rc2 Rb8 38. cxd5 1/2-1/2

[Event "BCF-chT4S 1718 (4NCL)"]
[Site "England"]
[Date "2017.11.11"]
[Round "1.61"]
[White "Lambourne, Daniel M"]
[Black "Smith, Steve"]
[Result "1-0"]
[WhiteElo "1980"]
[BlackElo "1821"]
[PlyCount "65"]
[EventDate "2017.11.11"]
[EventType "team-swiss"]
[EventRounds "11"]
[EventCountry "ENG"]
[SourceTitle "EXT 2020"]
[Source "ChessBase"]
[SourceDate "2019.10.17"]
[SourceVersion "1"]
[SourceVersionDate "2019.10.17"]
[SourceQuality "1"]
[WhiteTeam "MK Phoenix II"]
[BlackTeam "West is Best IV"]
[WhiteTeamCountry "ENG"]
[BlackTeamCountry "WLS"]

1. d4 d5 2. Nf3 Nf6 3. c4 c6 4. e3 e6 5. Be2 Nbd7 6. 0-0 dxc4 7. Bxc4 b5 8. Bd3 Bb7 9. e4 Be7 10. Nc3 b4 11. Ne2 h6 12. Ng3 0-0 13. Be3 c5 14. Rc1 cxd4 15. Bxd4 Qa5 16. Qe2 Nc5 17. Bxc5 Bxc5 18. Nd2 Be7 19. Nc4 Qd8 20. Rfd1 Qb8 21. Na5 e5 22. Bb5 Rc8 23. Nc6 Qc7 24. Nf5 Bxc6 25. Rxc6 Qb7 26. Ba6 Qxc6 27. Nxe7+ Kf8 28. Nxc6 Rxc6 29. Bb7 Rac8 30. Bxc6 Rxc6 31. f3 Ke7 32. Qb5 Rb6 33. Qxe5+ 1-0

[Event "BCF-chT3Sd 1516 (4NCL)"]
[Site "England"]
[Date "2016.03.20"]
[Round "8.95"]
[White "Lambourne, Daniel M"]
[Black "Hewitt, William"]
[Result "1-0"]
[WhiteElo "2006"]
[BlackElo "2054"]
[PlyCount "137"]
[EventDate "2016.03.20"]
[EventType "team-swiss"]
[EventRounds "11"]
[EventCountry "ENG"]
[SourceTitle "EXT 2017"]
[Source "ChessBase"]
[SourceDate "2016.10.25"]
[SourceVersion "1"]
[SourceVersionDate "2016.10.25"]
[SourceQuality "1"]
[WhiteTeam "MK Phoenix II"]
[BlackTeam "Rhyfelwyr Essyllwg"]
[WhiteTeamCountry "ENG"]
[BlackTeamCountry "ENG"]

1. d4 Nf6 2. Nf3 g6 3. c4 Bg7 4. Nc3 d5 5. e3 0-0 6. Be2 c5 7. dxc5 Qa5 8. 0-0 dxc4 9. Bxc4 Qxc5 10. Qd4 Qh5 11. Qe5 Qxe5 12. Nxe5 Nbd7 13. Nd3 Nb6 14. Bb3 Rd8 15. Ne5 e6 16. Nf3 Bd7 17. e4 Bc6 18. Re1 h6 19. Bf4 g5 20. Bc7 Rdc8 21. Bxb6 axb6 22. Nd4 Nd7 23. Rad1 Nc5 24. e5 Nxb3 25. Nxb3 Ba4 26. g3 Bxb3 27. axb3 Ra5 28. f4 gxf4 29. gxf4 Rac5 30. Rd3 R5c6 31. Re2 f6 32. Rd7 R8c7 33. Rxc7 Rxc7 34. exf6 Bxf6 35. Rxe6 Rc6 36. Rxc6 bxc6 37. Kf2 Kf7 38. Ke3 Ke6 39. Ke4 Be7 40. Ne2 h5 41. Nd4+ Kd7 42. Kf5 c5 43. Nb5 h4 44. h3 Bd8 45. Nc3 Kd6 46. Ke4 Ke6 47. Nd5 b5 48. Nc3 b4 49. Nd5 Ba5 50. f5+ Kd6 51. Ne3 Bd8 52. Nc4+ Ke7 53. Ne5 Kf6 54. Nd7+ Kf7 55. Nxc5 Bf6 56. Nd3 Ke7 57. Nxb4 Bxb2 58. Nd5+ Kd6 59. b4 Ba3 60. b5 Bc5 61. f6 Ke6 62. b6 Bd6 63. b7 Bb8 64. Nb6 Bc7 65. Nd5 Bb8 66. Kd4 Bd6 67. Kc4 Kd7 68. f7 Kc6 69. b8Q 1-0

[Event "BCF-chT3 1415 (4NCL)"]
[Site "England"]
[Date "2015.05.04"]
[Round "11.185"]
[White "Willmoth, Robert"]
[Black "Lambourne, Daniel M"]
[Result "1-0"]
[WhiteElo "2215"]
[BlackElo "2014"]
[PlyCount "119"]
[EventDate "2015.03.21"]
[EventType "team-swiss"]
[EventRounds "11"]
[EventCountry "ENG"]
[SourceTitle "EXT 2016"]
[Source "ChessBase"]
[SourceDate "2015.10.08"]
[SourceVersion "1"]
[SourceVersionDate "2015.10.08"]
[SourceQuality "1"]
[WhiteTeam "Barnet Knights"]
[BlackTeam "MK Phoenix II"]
[WhiteTeamCountry "ENG"]
[BlackTeamCountry "ENG"]

1. d4 Nf6 2. c4 g6 3. Nf3 Bg7 4. g3 c6 5. Bg2 d5 6. Nbd2 0-0 7. 0-0 b6 8. b4 Bb7 9. Bb2 Nbd7 10. Rc1 Rc8 11. Qb3 dxc4 12. Nxc4 c5 13. dxc5 bxc5 14. b5 Bd5 15. Nfd2 Bxg2 16. Kxg2 Nb6 17. a4 Qd5+ 18. Kg1 Ne4 19. Bxg7 Nxd2 20. Nxd2 Kxg7 21. Nc4 f6 22. a5 Nd7 23. Rfd1 Qe6 24. Qa4 Rc7 25. Rd2 Rb8 26. Rcd1 Rbb7 27. e3 h5 28. h4 Qg4 29. b6 axb6 30. axb6 Ne5 31. bxc7 Nf3+ 32. Kf1 Nxd2+ 33. Rxd2 Rxc7 34. Qc2 Ra7 35. Rd1 Qf3 36. Kg1 Qc6 37. e4 Ra8 38. Qd3 Rc8 39. Qd5 Qb5 40. Qd7 Qxd7 41. Rxd7 Kf8 42. f4 Rb8 43. Rd2 Kf7 44. Kf2 Rb4 45. Rc2 Ke6 46. Rc3 f5 47. exf5+ Kxf5 48. Kf3 e6 49. Ne3+ Kf6 50. Rxc5 Rb3 51. Ke4 Rb4+ 52. Nc4 Rb1 53. Ne5 Rb4+ 54. Rc4 Rb7 55. Rd4 Re7 56. Rd7 Rxd7 57. Nxd7+ Ke7 58. Ne5 Kf6 59. Nf3 Ke7 60. Ke5 1-0

[Event "BCF-chT3S 1415 (4NCL)"]
[Site "England"]
[Date "2015.02.14"]
[Round "5.145"]
[White "Gordon Brown, Alexander"]
[Black "Lambourne, Daniel M"]
[Result "1-0"]
[WhiteElo "2045"]
[BlackElo "2011"]
[PlyCount "93"]
[EventDate "2014.11.15"]
[EventType "team-swiss"]
[EventRounds "6"]
[EventCountry "ENG"]
[SourceTitle "EXT 2016"]
[Source "ChessBase"]
[SourceDate "2015.10.08"]
[SourceVersion "1"]
[SourceVersionDate "2015.10.08"]
[SourceQuality "1"]
[WhiteTeam "Cambridge III"]
[BlackTeam "MK Phoenix II"]
[WhiteTeamCountry "ENG"]
[BlackTeamCountry "ENG"]

1. d4 Nf6 2. c4 e6 3. Nc3 d5 4. Nf3 Be7 5. Bf4 c6 6. e3 Nbd7 7. cxd5 exd5 8. Bd3 h6 9. Rc1 Nh5 10. Nxd5 Nxf4 11. Nxf4 Qa5+ 12. Nd2 0-0 13. Bb1 Bb4 14. Nd3 Bxd2+ 15. Qxd2 Qxd2+ 16. Kxd2 Nf6 17. Nc5 Re8 18. f3 Nd5 19. e4 Ne7 20. Bc2 b6 21. Nd3 Be6 22. a3 Rad8 23. Ke3 f6 24. Ba4 b5 25. Nc5 Bf7 26. Bb3 Nf5+ 27. Kf2 Nxd4 28. Bxf7+ Kxf7 29. Nb7 Rd7 30. Na5 Ne6 31. Nxc6 Rd2+ 32. Kg3 Rxb2 33. Rhd1 h5 34. Rd7+ Kg6 35. h4 Kh6 36. Ne7 g6 37. Rc6 Kg7 38. Nd5+ Kf8 39. Nxf6 Re7 40. Rdd6 Kf7 41. Nd5 Re8 42. Rd7+ Kf8 43. Rh7 g5 44. hxg5 Nxg5 45. Rh8+ Kf7 46. Rf6+ Kg7 47. Rxe8 1-0

[Event "BCF-chT3S 1112 (4NCL)"]
[Site "England"]
[Date "2012.02.12"]
[Round "6.2"]
[White "Lambourne, Daniel M"]
[Black "Bucher, Grant"]
[Result "1/2-1/2"]
[WhiteElo "1981"]
[BlackElo "2011"]
[PlyCount "77"]
[EventDate "2011.11.12"]
[EventType "team-swiss"]
[EventRounds "6"]
[EventCountry "ENG"]
[SourceTitle "EXT 2013"]
[Source "ChessBase"]
[SourceDate "2012.11.22"]
[SourceVersion "1"]
[SourceVersionDate "2012.11.22"]
[SourceQuality "1"]
[WhiteTeam "Gloucestershire Gambits"]
[BlackTeam "Sussex Smart Survivors"]
[WhiteTeamCountry "ENG"]
[BlackTeamCountry "ENG"]

1. Nf3 Nf6 2. c4 g6 3. Nc3 d5 4. d4 Bg7 5. cxd5 Nxd5 6. e4 Nxc3 7. bxc3 c5 8. Bb5+ Nd7 9. 0-0 a6 10. Bc4 0-0 11. Be3 Qc7 12. Rc1 b5 13. Be2 e6 14. Qd2 Bb7 15. Ng5 Nf6 16. f3 Rfd8 17. Nh3 Rd7 18. Qb2 Ne8 19. dxc5 Bf8 20. Kh1 Bxc5 21. Bf4 e5 22. Bg3 Rad8 23. Rc2 f6 24. a4 bxa4 25. Qa2+ Kg7 26. Qxa4 Ra8 27. Bf2 Bc6 28. Qa2 Qa7 29. Bc4 Nc7 30. Qa5 Bb5 31. Bxb5 axb5 32. Qxa7 Bxa7 33. g3 Bxf2 34. Nxf2 Ne6 35. Rb1 Rc7 36. Nd1 Nd4 37. Rf2 Ne6 38. Kg2 Rc5 39. Rb3 1/2-1/2

[Event "BCF-chT3 1011 (4NCL)"]
[Site "England"]
[Date "2011.05.02"]
[Round "11.37"]
[White "Reynolds, D Ian W"]
[Black "Lambourne, Daniel M"]
[Result "1/2-1/2"]
[WhiteElo "2047"]
[BlackElo "1996"]
[PlyCount "45"]
[EventDate "2010.11.06"]
[EventType "team-swiss"]
[EventRounds "9"]
[EventCountry "ENG"]
[SourceTitle "EXT 2012"]
[Source "ChessBase"]
[SourceDate "2011.11.24"]
[SourceVersion "1"]
[SourceVersionDate "2011.11.24"]
[SourceQuality "1"]
[WhiteTeam "Iceni"]
[BlackTeam "Gloucestershire Gambits"]
[WhiteTeamCountry "ENG"]
[BlackTeamCountry "ENG"]

1. e4 d5 2. exd5 Qxd5 3. Nc3 Qd8 4. d4 Nf6 5. Nf3 Bf5 6. Bd3 Bg4 7. h3 Bh5 8. Ne4 Nbd7 9. Bf4 e6 10. a3 Be7 11. c4 Nxe4 12. Bxe4 c6 13. g4 Bg6 14. Qe2 Bxe4 15. Qxe4 Nf6 16. Qe2 Bd6 17. Be5 Qa5+ 18. Qd2 Qxd2+ 19. Kxd2 Rd8 20. Ke3 Ke7 21. Rad1 Ne8 22. Rd3 f6 23. Bxd6+ 1/2-1/2

[Event "BCF-chT3 1011 (4NCL)"]
[Site "England"]
[Date "2011.01.16"]
[Round "4.45"]
[White "Calvert, David Ian"]
[Black "Lambourne, Daniel M"]
[Result "1/2-1/2"]
[WhiteElo "1973"]
[BlackElo "1996"]
[PlyCount "57"]
[EventDate "2010.11.06"]
[EventType "team-swiss"]
[EventRounds "9"]
[EventCountry "ENG"]
[SourceTitle "EXT 2012"]
[Source "ChessBase"]
[SourceDate "2011.11.24"]
[SourceVersion "1"]
[SourceVersionDate "2011.11.24"]
[SourceQuality "1"]
[WhiteTeam "Metropolitan"]
[BlackTeam "Gloucestershire Gambits"]
[WhiteTeamCountry "ENG"]
[BlackTeamCountry "ENG"]

1. b3 d5 2. Bb2 c5 3. e3 Nc6 4. Bb5 Bd7 5. Nf3 e6 6. 0-0 Nf6 7. d3 a6 8. Bxc6 Bxc6 9. Ne5 Qc7 10. Nd2 Bd6 11. f4 Rg8 12. Nxc6 Qxc6 13. Qf3 Bc7 14. e4 Ba5 15. Bxf6 gxf6 16. exd5 Qxd5 17. Qxd5 exd5 18. Rae1+ Kd7 19. Re2 Rae8 20. Rxe8 Rxe8 21. Nf3 Re2 22. Rf2 Re8 23. Kf1 Bc7 24. g3 b5 25. Re2 Re6 26. Nh4 Bd6 27. Nf5 Bf8 28. Ke1 h5 29. Kd1 1/2-1/2

[Event "BCF-chT3 1011 (4NCL)"]
[Site "England"]
[Date "2010.11.07"]
[Round "2.32"]
[White "Headlong, Timothy"]
[Black "Lambourne, Daniel M"]
[Result "1/2-1/2"]
[WhiteElo "2177"]
[BlackElo "1996"]
[PlyCount "65"]
[EventDate "2010.11.06"]
[EventType "team-swiss"]
[EventRounds "9"]
[EventCountry "ENG"]
[SourceTitle "CBM 139 Extra"]
[Source "ChessBase"]
[SourceDate "2011.01.05"]
[SourceVersion "1"]
[SourceVersionDate "2011.01.05"]
[SourceQuality "1"]
[WhiteTeam "Brown Jack"]
[BlackTeam "Gloucestershire Gambits"]
[WhiteTeamCountry "ENG"]
[BlackTeamCountry "ENG"]

1. Nf3 Nf6 2. c4 c5 3. Nc3 d6 4. d4 cxd4 5. Nxd4 g6 6. e4 Bg7 7. Be2 Nc6 8. Be3 Bd7 9. 0-0 Qc8 10. f3 0-0 11. Qd2 Nxd4 12. Bxd4 Bc6 13. b4 b6 14. a4 Qc7 15. a5 Rfb8 16. a6 Rc8 17. Rfc1 Qd8 18. Rc2 Qf8 19. Rac1 Rd8 20. Nd5 Nd7 21. Bxg7 Kxg7 22. Nc7 Rac8 23. Nb5 Ra8 24. Nd4 Rac8 25. Nxc6 Rxc6 26. f4 Kg8 27. Bg4 Nf6 28. Bf3 Rc7 29. Qe3 Nd7 30. e5 dxe5 31. fxe5 e6 32. c5 bxc5 33. b5 1/2-1/2

[Event "BCF-chT3 0910 (4NCL)"]
[Site "England"]
[Date "2010.03.28"]
[Round "8.2"]
[White "Wagner, Guy"]
[Black "Lambourne, Daniel M"]
[Result "0-1"]
[WhiteElo "1930"]
[BlackElo "2001"]
[PlyCount "84"]
[EventDate "2009.10.24"]
[EventType "team-tourn"]
[EventRounds "11"]
[EventCountry "ENG"]
[SourceTitle "EXT 2011"]
[Source "ChessBase"]
[SourceDate "2010.11.26"]
[SourceVersion "1"]
[SourceVersionDate "2010.11.26"]
[SourceQuality "1"]
[WhiteTeam "Celtic Tigers II"]
[BlackTeam "Gloucestershire. Gambits"]
[WhiteTeamCountry "ENG"]
[BlackTeamCountry "ENG"]

1. Nf3 d5 2. c4 e6 3. g3 Nf6 4. Bg2 Bc5 5. d4 Bb4+ 6. Nbd2 0-0 7. 0-0 c5 8. a3 Bxd2 9. Bxd2 cxd4 10. Bb4 Re8 11. Nxd4 Nc6 12. Nxc6 bxc6 13. Qc2 Ba6 14. cxd5 cxd5 15. Rfe1 Rc8 16. Qa4 Qb6 17. e3 Bd3 18. Bc3 e5 19. Rac1 Bc4 20. Red1 Bb3 21. Qh4 Bxd1 22. Rxd1 Rc4 23. Qg5 Qe6 24. f4 d4 25. fxe5 dxc3 26. exf6 Qxf6 27. Qb5 Rcc8 28. bxc3 Qxc3 29. Qd3 g6 30. e4 Qc5+ 31. Kh1 Qa5 32. Rf1 Rc3 33. Qd7 Rf8 34. e5 Qxe5 35. Qxa7 Re3 36. a4 Ra3 37. Qd7 Ra1 38. Qd3 Rb8 39. Bc6 Re1 40. Bb5 Rc8 41. Bc4 Rxf1+ 42. Qxf1 Qe4+ 0-1

[Event "BCF-chT3 0809 (4NCL)"]
[Site "Hinckley Island"]
[Date "2009.02.07"]
[Round "5.2"]
[White "Lambourne, Daniel M"]
[Black "Borrowdale, Graham E"]
[Result "1/2-1/2"]
[WhiteElo "2003"]
[BlackElo "2035"]
[PlyCount "91"]
[EventDate "2008.10.18"]
[EventType "team-swiss"]
[EventRounds "11"]
[EventCountry "ENG"]
[SourceTitle "EXT 2010"]
[Source "ChessBase"]
[SourceDate "2010.11.25"]
[SourceVersion "1"]
[SourceVersionDate "2010.11.25"]
[SourceQuality "1"]
[WhiteTeam "Gloucestershire Gambits"]
[BlackTeam "FCA Solutions II"]
[WhiteTeamCountry "ENG"]
[BlackTeamCountry "ENG"]

1. Nf3 Nf6 2. d4 e6 3. e3 b6 4. c4 Bb7 5. Nc3 Bb4 6. Bd2 0-0 7. Bd3 d6 8. a3 Bxc3 9. Bxc3 Nbd7 10. 0-0 Qe7 11. Nd2 e5 12. Bf5 e4 13. Qc2 Rfe8 14. Rae1 a5 15. f3 g6 16. Bxd7 Nxd7 17. fxe4 Bxe4 18. Nxe4 Qxe4 19. Qf2 f5 20. Qf3 Nf6 21. h3 d5 22. c5 Qxf3 23. gxf3 Re6 24. cxb6 cxb6 25. Kf2 Ne8 26. Re2 Nd6 27. Rfe1 Rae8 28. a4 Rc8 29. Rc1 b5 30. axb5 Nxb5 31. Ra1 Nxc3 32. bxc3 Ra6 33. Ra3 a4 34. Rb2 Rc7 35. Rb5 Rd7 36. Rb4 Rda7 37. c4 dxc4 38. Rxc4 Kf7 39. e4 Ke6 40. Ke3 fxe4 41. fxe4 Kf6 42. Rc5 Rb7 43. Kd3 h5 44. Kc4 Re7 45. Kb5 Ree6 46. e5+ 1/2-1/2